Football clubs: guess the country IX - Statistics

General Stats
  • This quiz has been taken 18 times
  • The average score is 8 of 20
Answer Stats
Football team Country % Correct
Nice France
100%
Botafogo de Futebol e Regatas Brazil
76%
Batman Petrolspor Turkey
71%
Oud-Heverlee Leuven Belgium
53%
Bollklubben Häcken Sweden
53%
Sepsi OSK Sfântu Gheorghe Romania
47%
Zrinjski Bosnia and Herzegovina
41%
Klaksvíkar Ítróttarfelag Faroe Islands
41%
Real de Banjul Gambia
41%
FK Euromilk Gorno Lisiče North Macedonia
41%
FK Čukarički Serbia
41%
Tre Penne San Marino
35%
Inter Club d'Escaldes Andorra
24%
Club Deportivo Sula Honduras
24%
Gzira United Malta
24%
Besta PNG United Papua New Guinea
24%
União Desportiva Internacional Guinea-Bissau
18%
9 de Octubre Ecuador
12%
Urartu Armenia
0%
New Vibes SC US Virgin Islands
0%
No matching quizzes found
Score Distribution
Percent of People with Each Score
Percentile by Number Answered
Your Score History
You have not taken this quiz